Eagle Strike / (Record no. 2761)

MARC details
000 -LEADER
fixed length control field 00988cam a22002657a 4500
005 - DATE AND TIME OF LATEST TRANSACTION
control field 20240112124405.0
020 ## - INTERNATIONAL STANDARD BOOK NUMBER
International Standard Book Number 0142406139 (pbk.)
020 ## - INTERNATIONAL STANDARD BOOK NUMBER
International Standard Book Number 9780439740326
040 ## - CATALOGING SOURCE
Original cataloging agency DLC
Transcribing agency DLC
Language of cataloging eng
050 00 - LIBRARY OF CONGRESS CALL NUMBER
Classification number PZ7.H7875
082 ## - DEWEY DECIMAL CLASSIFICATION NUMBER
Classification number 823.914
100 1# - MAIN ENTRY--PERSONAL NAME
Personal name Horowitz, Anthony
Dates associated with a name 1955-
245 10 - TITLE STATEMENT
Title Eagle Strike /
Statement of responsibility, etc. Anthony Horowitz
250 ## - EDITION STATEMENT
Edition statement First Scholastic printing, January 2005
260 ## - PUBLICATION, DISTRIBUTION, ETC.
Place of publication, distribution, etc. New York :
Name of publisher, distributor, etc. Scholastic,
Date of publication, distribution, etc. 2006
300 ## - PHYSICAL DESCRIPTION
Extent 322 pages :
Dimensions 20 cm
490 0# - SERIES STATEMENT
Series statement An Alex Rider adventure
505 ## - FORMATTED CONTENTS NOTE
Formatted contents note O
520 ## - SUMMARY, ETC.
Summary, etc. After a chance encounter with assassin Yassen Gregorovich in the South of France, teenage spy Alex Rider investigates international pop star and philanthropist Damian Cray whose new video game venture hides sinister motives involving Air Force One, nuclear missiles, and the international drug trade.
521 ## - TARGET AUDIENCE NOTE
Target audience note 690
Source Lexile
521 ## - TARGET AUDIENCE NOTE
Target audience note O
Source Raz-Plus
906 ## - LOCAL DATA ELEMENT F, LDF (RLIN)
a 7
b cbc
c origcop
d 4
e ncip
f 20
g y-gencatlg
942 ## - ADDED ENTRY ELEMENTS (KOHA)
Source of classification or shelving scheme Dewey Decimal Classification
Koha item type Books
Suppress in OPAC No
999 ## -
-- 2761
-- 2761
Holdings
Withdrawn status Lost status Source of classification or shelving scheme Damaged status Not for loan Collection Home library Current library Shelving location Date acquired Total Checkouts Full call number Barcode Date last seen Price effective from Koha item type
    Dewey Decimal Classification     Fiction Footprints International School Library Network Toul Kork Campus Footprints International School Library Network Toul Kork Campus   01/12/2024   HOR 823.914 PZ7.H7875 FISSE00626 01/12/2024 01/12/2024 Books